Dragon in the Kremlin: a report on the Russian-Chinese alliance (Record no. 371053)

000 -LEADER
fixed length control field 00448cam a22001337a 4500
008 - FIXED-LENGTH DATA ELEMENTS--GENERAL INFORMATION
fixed length control field 180718b1961 xxu||||| |||| 00| 0 eng d
082 ## - DEWEY DECIMAL CLASSIFICATION NUMBER
Classification number Dx47 K124
100 ## - MAIN ENTRY--PERSONAL NAME
Personal name Kalb, Marvin L.
245 ## - TITLE STATEMENT
Title Dragon in the Kremlin: a report on the Russian-Chinese alliance
Statement of responsibility, etc. by Marvin L. Kalb
260 ## - PUBLICATION, DISTRIBUTION, ETC.
Place of publication, distribution, etc. London
Name of publisher, distributor, etc. Victor Gollancz
Date of publication, distribution, etc. 1961
300 ## - PHYSICAL DESCRIPTION
Extent 258p.
650 ## - SUBJECT ADDED ENTRY--TOPICAL TERM
Topical term or geographic name entry element China --Foreign relations --Soviet Union
650 ## - SUBJECT ADDED ENTRY--TOPICAL TERM
Topical term or geographic name entry element Soviet Union --Foreign relations --China
Holdings
Withdrawn status Lost status Damaged status Not for loan Permanent Location Current Location Date acquired Full call number Barcode Date last seen Price effective from Koha item type
        Indian Institute of Public Administration Indian Institute of Public Administration 1994-06-08 Dx47 K124 28721 2018-07-21 2018-07-21 Book

Powered by Koha